| 000 | 01514cam a22003734a 4500 | ||
|---|---|---|---|
| 005 | 20131111082943.0 | ||
| 008 | 090327s2008 au l 001 0 ger | ||
| 020 | _a9789050958745 | ||
| 020 | _a9050958745 | ||
| 020 | _a9783830516071 | ||
| 020 | _a383051607X | ||
| 020 | _a9783708305783 | ||
| 020 | _a3708305787 | ||
| 041 | 0 |
_ager _aeng _afre _aita _ascr _abul _adut _anor _apol _arus _aswe _ahun _aspa _acze |
|
| 080 |
_a336 _x(4) |
||
| 100 | 1 | _aEder, Stefan. | |
| 245 | 1 | 0 |
_aFinanzmarktstärkung in Europa = _cvon Stefan Eder, Johannes Hörl, Andreas Winkler. |
| 246 | 3 | 1 | _aStabilising the financial markets in Europe |
| 250 | _aStand: 13.11.2008. | ||
| 260 |
_aMortsel : _bIntersentia, _c2008. |
||
| 300 |
_a564 p. ; _c22 cm. |
||
| 490 | 0 | _aRecht | |
| 490 | 0 | _aKommentar | |
| 500 | _aVorwort : f. 5-7 | ||
| 500 | _aPreface : f. 8-10 | ||
| 500 | _aIncludes index. | ||
| 546 | _aMultiple languages. | ||
| 650 | 0 |
_aFinanca _zEuropa |
|
| 650 | 0 |
_aFinanca _xLigji dhe legjislacioni _zEuropa |
|
| 700 | 1 | _aHörl, Johannes. | |
| 700 | 1 |
_aWinkler, Andreas, _cDr. |
|
| 856 | 4 |
_qtext/html _uhttp://deposit.d-nb.de/cgi-bin/dokserv?id=3188396&prov=M&dok%5Fvar=1&dok%5Fext=htm _3Inhaltstext |
|
| 942 |
_2udc _cBK |
||
| 999 |
_c261 _d261 |
||